[Event "FIDE World Rapid 2014"]
[Site "Dubai UAE"]
[Date "2014.06.16"]
[Round "4.11"]
[White "Nguyen, Ngoc Truong Son"]
[Black "Svidler, Peter"]
[Result "1/2-1/2"]
[WhiteTitle "GM"]
[BlackTitle "GM"]
[WhiteElo "2621"]
[BlackElo "2753"]
[WhiteFideId "12401110"]
[BlackFideId "4102142"]
[EventDate "2014.06.16"]

1. d4 Nf6 2. Nf3 g6 3. Bf4 Bg7 4. e3 O-O 5. Be2 c5 6. c3 d6 7. h3 Qb6 8. Qc1 Nc6
9. O-O Bf5 10. Nbd2 d5 11. Nb3 Ne4 12. Nfd2 Nxd2 13. Qxd2 c4 14. Nc5 e5 15. Bh2
Rfe8 16. b3 Rad8 17. Rfd1 exd4 18. exd4 Nxd4 19. cxd4 c3 20. Qxc3 Rxe2 21. Rd2
Rde8 22. Rxe2 Rxe2 23. g4 Bc8 24. Rc1 Qf6 25. Nd3 Be6 26. Nf4 Rxa2 27. Bg3 Bd7
28. Nxd5 Qe6 29. Ne3 h6 30. Be5 Bxe5 31. dxe5 Qc6 32. Qxc6 Bxc6 33. Nc4 Kf8 34.
b4 Ke7 35. Na5 Bd5 36. Nxb7 Ke6 37. Nc5+ Kxe5 38. Rd1 Bf3 39. Rd3 Bc6 40. Rd1 g5
41. Nd3+ Ke4 42. Nc5+ Ke5 43. Nd3+ Kf6 44. Nc5 Bf3 45. Rd3 Be2 46. Re3 Bb5 47.
Ne4+ Kg7 48. Nd6 Bc6 49. Nf5+ Kf6 50. f3 Rb2 51. Ra3 Rxb4 52. Rxa7 Bxf3 53. Nxh6
Bd5 54. Ra5 Be6 55. Ng8+ Kg6 56. Ne7+ Kf6 57. Nd5+ Bxd5 58. Rxd5 1/2-1/2

[Event "FIDE World Rapid 2014"]
[Site "Dubai UAE"]
[Date "2014.06.16"]
[Round "4.13"]
[White "Yu, Yangyi"]
[Black "Le, Quang Liem"]
[Result "0-1"]
[WhiteTitle "GM"]
[BlackTitle "GM"]
[WhiteElo "2675"]
[BlackElo "2712"]
[WhiteFideId "8603820"]
[BlackFideId "12401137"]
[EventDate "2014.06.16"]

1. e4 e5 2. Nf3 Nc6 3. d4 exd4 4. Nxd4 Bc5 5. Nxc6 bxc6 6. Bd3 Ne7 7. O-O O-O 8.
Nd2 a5 9. Qh5 d6 10. e5 g6 11. Qh4 Bf5 12. Ne4 Bxe4 13. Qxe4 Nd5 14. exd6 cxd6
15. c3 Re8 16. Qf3 Rb8 17. Be4 Qh4 18. Bd3 Re6 19. Qg3 Qxg3 20. hxg3 Nf6 21. Rb1
Ng4 22. Bf4 Rf6 23. Be2 Nxf2 24. Kh2 h5 25. b4 axb4 26. cxb4 Ba7 27. Rfc1 Re8
28. Bf3 Ng4+ 29. Kh3 Nf2+ 30. Kh2 d5 31. b5 cxb5 32. Rxb5 Nd3 33. Rc7 Bb8 34.
Re7 Rxe7 35. Rxb8+ Kg7 36. Bg5 Ne5 37. Bxf6+ Kxf6 38. Bd1 Ng4+ 39. Bxg4 hxg4 40.
a4 Re4 41. Ra8 Re1 42. Rd8 Rd1 43. a5 Ke7 44. Rb8 Ra1 45. Rb4 Rxa5 46. Rxg4 Ke6
47. Kg1 Ra2 48. Rf4 f5 49. g4 Ke5 50. Rb4 d4 51. gxf5 gxf5 52. Rb8 d3 53. Rd8
Ke4 54. Kf1 Rc2 55. Rd7 f4 56. Rd8 Ke3 57. Re8+ Kd2 58. Rd8 Rc4 59. Kf2 Kc2 60.
Kf3 d2 61. Ke2 Re4+ 62. Kf3 Re3+ 63. Kxf4 Rd3 64. Rc8+ Kb3 65. Rb8+ Kc4 0-1

[Event "FIDE World Rapid 2014"]
[Site "Dubai UAE"]
[Date "2014.06.16"]
[Round "4.14"]
[White "Bologan, Viktor"]
[Black "Eljanov, Pavel"]
[Result "1-0"]
[WhiteTitle "GM"]
[BlackTitle "GM"]
[WhiteElo "2661"]
[BlackElo "2723"]
[WhiteFideId "13900048"]
[BlackFideId "14102951"]
[EventDate "2014.06.16"]

1. e4 c6 2. d4 d5 3. e5 Bf5 4. Nf3 e6 5. Be2 Ne7 6. O-O h6 7. Nbd2 Nd7 8. Nb3
Qc7 9. a4 a6 10. a5 Be4 11. Be3 Rd8 12. Nfd2 Bg6 13. f4 Nf5 14. Bf2 h5 15. c4
dxc4 16. Nxc4 Be7 17. Rc1 h4 18. Bf3 Kf8 19. Qe2 Bh7 20. Rfd1 g5 21. fxg5 Bxg5
22. Rc3 Bg6 23. Nbd2 Be7 24. Ne4 Kg7 25. Rb3 c5 26. Ned6 Nxd6 27. exd6 Bxd6 28.
Nxd6 Qxd6 29. dxc5 Qf4 30. Bd4+ Nf6 31. Qe5 Qxe5 32. Bxe5 Rxd1+ 33. Bxd1 Rc8 34.
Rc3 Rd8 35. Bf3 Rd7 36. Rb3 1-0

[Event "FIDE World Rapid 2014"]
[Site "Dubai UAE"]
[Date "2014.06.16"]
[Round "4.16"]
[White "Wojtaszek, Radoslaw"]
[Black "Matlakov, Maxim"]
[Result "1/2-1/2"]
[WhiteTitle "GM"]
[BlackTitle "GM"]
[WhiteElo "2715"]
[BlackElo "2689"]
[WhiteFideId "1118358"]
[BlackFideId "4168003"]
[EventDate "2014.06.16"]

1. d4 d5 2. c4 c6 3. Nf3 Nf6 4. e3 Bf5 5. Nc3 e6 6. Nh4 Bg6 7. Nxg6 hxg6 8. Bd2
Nbd7 9. Qc2 Bd6 10. O-O-O Qe7 11. Kb1 dxc4 12. Bxc4 O-O 13. h4 c5 14. dxc5 Bxc5
15. Be2 Rac8 16. h5 gxh5 17. Bxh5 Nxh5 18. Rxh5 f5 19. Qb3 Bb6 20. Rdh1 Nc5 21.
Qb4 Qd7 22. Qh4 Kf7 23. Rh7 Rg8 24. Bc1 Bd8 25. Qh5+ Kf8 26. Rd1 Qc6 27. g4 Ne4
28. gxf5 Bf6 29. fxe6 Nxc3+ 30. bxc3 Qe4+ 31. Ka1 Bxc3+ 32. Bb2 Bxb2+ 33. Kxb2
Qb4+ 34. Ka1 Qc3+ 35. Kb1 Qc2+ 36. Ka1 Qc3+ 37. Kb1 Qc2+ 1/2-1/2

[Event "FIDE World Rapid 2014"]
[Site "Dubai UAE"]
[Date "2014.06.16"]
[Round "5.1"]
[White "Vachier-Lagrave, Maxime"]
[Black "Nepomniachtchi, Ian"]
[Result "1/2-1/2"]
[WhiteTitle "GM"]
[BlackTitle "GM"]
[WhiteElo "2762"]
[BlackElo "2730"]
[WhiteFideId "623539"]
[BlackFideId "4168119"]
[EventDate "2014.06.16"]

1. Nf3 g6 2. d4 Nf6 3. g3 Bg7 4. Bg2 O-O 5. O-O d5 6. Bf4 c6 7. Nbd2 Qb6 8. Qc1
Bf5 9. c4 Nbd7 10. Rd1 Qa6 11. Bf1 b5 12. b3 bxc4 13. bxc4 Qa4 14. Ne5 c5 15.
Nb3 Rac8 16. dxc5 Nxc5 17. Qe3 Qa3 18. Nxc5 Qxc5 19. Qxc5 Rxc5 20. Be3 Rc7 21.
cxd5 Be4 22. Rac1 Rxc1 23. Rxc1 Nxd5 24. Bd4 Nb4 25. Rc4 Nxa2 26. Bxa7 Bd5 27.
Rc5 Bxe5 28. Rxd5 Bf6 29. Rb5 Nc3 30. Rb8 Rxb8 31. Bxb8 1/2-1/2

[Event "FIDE World Rapid 2014"]
[Site "Dubai UAE"]
[Date "2014.06.16"]
[Round "5.3"]
[White "Polgar, Judit"]
[Black "Karjakin, Sergey"]
[Result "0-1"]
[WhiteTitle "GM"]
[BlackTitle "GM"]
[WhiteElo "2685"]
[BlackElo "2771"]
[WhiteFideId "700070"]
[BlackFideId "14109603"]
[EventDate "2014.06.16"]

1. e4 c5 2. Nf3 d6 3. d4 cxd4 4. Nxd4 Nf6 5. Nc3 a6 6. Be3 e5 7. Nf3 Be7 8. Bc4
O-O 9. O-O Qc7 10. Qe2 b5 11. Nd5 Nxd5 12. Bxd5 Bb7 13. Bxb7 Qxb7 14. Nd2 Nd7
15. Rfd1 Rfc8 16. c4 h6 17. b3 Nf6 18. f3 Bd8 19. Rac1 Rc6 20. Nf1 Rac8 21. Ng3
bxc4 22. bxc4 Bb6 23. Nf5 Bxe3+ 24. Qxe3 Ne8 25. h3 Rxc4 26. Rxc4 Rxc4 27. Nxd6
Nxd6 28. Rxd6 Qb1+ 29. Kh2 Qxa2 30. Qe1 Rd4 31. Rc6 Kh7 32. Qg3 Qa4 33. Rc7 Qe8
34. Qg4 g6 35. Rc5 Rd6 36. Qg3 Re6 37. Rd5 Qe7 38. Qf2 h5 39. Qd2 h4 40. Rd7 Qf6
41. Qd5 Kg7 42. Rb7 Re8 43. Rb1 Rd8 44. Qa5 Rd6 45. Qb4 Qf4+ 46. Kh1 Rd2 47. Qc3
Rf2 48. Rg1 Qg3 49. Qe3 g5 50. Qe1 Rxf3 51. Qe2 Re3 52. Qxa6 Rxe4 53. Qa5 Re2
54. Qb4 Qf4 55. Qb5 Rf2 56. Qd3 Qg3 57. Qe4 Qf4 58. Qd3 e4 59. Qd4+ Kh7 60. Qc4
g4 61. Qb5 gxh3 62. Qh5+ Qh6 0-1

[Event "FIDE World Rapid 2014"]
[Site "Dubai UAE"]
[Date "2014.06.16"]
[Round "5.6"]
[White "Le, Quang Liem"]
[Black "Bologan, Viktor"]
[Result "1-0"]
[WhiteTitle "GM"]
[BlackTitle "GM"]
[WhiteElo "2712"]
[BlackElo "2661"]
[WhiteFideId "12401137"]
[BlackFideId "13900048"]
[EventDate "2014.06.16"]

1. d4 d5 2. Nf3 e6 3. c4 Nf6 4. Nc3 Bb4 5. Qa4+ Nc6 6. Bd2 O-O 7. e3 Bd7 8. Qc2
Ne7 9. Rd1 Ng6 10. Be2 dxc4 11. Bxc4 c5 12. O-O cxd4 13. Nxd4 Rc8 14. Qb3 Bd6
15. Be2 e5 16. Ndb5 Bb8 17. Qa3 Qe7 18. Bc1 Qxa3 19. Nxa3 Be6 20. Bf3 Rc7 21.
Nab5 Re7 22. b3 a6 23. Nd6 Nh4 24. Be2 Rd7 25. Ba3 b5 26. Nde4 Nxe4 27. Nxe4
Rfd8 28. Be7 1-0

[Event "FIDE World Rapid 2014"]
[Site "Dubai UAE"]
[Date "2014.06.16"]
[Round "5.7"]
[White "Ragger, Markus"]
[Black "Van Wely, Loek"]
[Result "1/2-1/2"]
[WhiteTitle "GM"]
[BlackTitle "GM"]
[WhiteElo "2632"]
[BlackElo "2654"]
[WhiteFideId "1610856"]
[BlackFideId "1000268"]
[EventDate "2014.06.16"]

1. d4 Nf6 2. c4 e6 3. Nf3 d5 4. g3 dxc4 5. Bg2 a6 6. O-O Nc6 7. Bg5 Rb8 8. Nbd2
Nxd4 9. Nxc4 Nxf3+ 10. Bxf3 Bd6 11. Qd4 O-O 12. Rfd1 h6 13. Bf4 Ne8 14. Qa7 Bd7
15. Nxd6 Nxd6 16. Bxd6 cxd6 17. Rxd6 Qc7 18. Rxa6 Qe5 19. Rb6 Bc6 20. Qa3 Rfd8
21. Rc1 Bxf3 22. exf3 Rd2 23. Qc3 Qe2 24. Rf1 Rbd8 25. Qe3 Rxb2 26. Qxe2 Rxe2
27. Rxb7 Rxa2 28. f4 Rad2 29. Ra7 Rd1 30. Rxd1 Rxd1+ 31. Kg2 h5 32. h4 g6 33.
Ra8+ Kg7 34. Ra7 Kg8 35. Ra8+ Kg7 36. Ra7 Kg8 37. Ra8+ Kg7 38. Ra7 1/2-1/2

[Event "FIDE World Rapid 2014"]
[Site "Dubai UAE"]
[Date "2014.06.16"]
[Round "5.8"]
[White "Movsesian, Sergei"]
[Black "Iturrizaga Bonelli, Eduardo"]
[Result "1-0"]
[WhiteTitle "GM"]
[BlackTitle "GM"]
[WhiteElo "2672"]
[BlackElo "2653"]
[WhiteFideId "310204"]
[BlackFideId "3901211"]
[EventDate "2014.06.16"]

1. e4 c5 2. Nf3 g6 3. d4 cxd4 4. Nxd4 Nc6 5. Nc3 Bg7 6. Nde2 b6 7. g3 Ba6 8. Bg2
Rc8 9. O-O Nf6 10. Re1 O-O 11. Nf4 d6 12. h3 Nd7 13. a4 Nc5 14. Ra3 Qd7 15. Ncd5
e6 16. Ne3 Ne5 17. b3 Bb7 18. Ng4 Rfd8 19. Nh2 d5 20. exd5 exd5 21. Ng4 Nxg4 22.
hxg4 Ne4 23. a5 Bc3 24. Re3 bxa5 25. Ra4 Bc6 26. Rd4 Bxd4 27. Qxd4 Qd6 28. Bb2
f6 29. f3 Ng5 30. Qxf6 d4 31. Re6 Nxe6 32. Nxe6 Rd7 33. Bxd4 Qe7 34. Qh8+ Kf7
35. Qxh7+ Kxe6 36. Qxg6+ Kd5 37. Bf2 Qe6 38. f4+ Kd6 39. Bc5+ Kxc5 40. Qxe6 Rd1+
41. Kf2 Bd7 42. Qe2 Rb1 43. Qe5+ Kb6 44. Qd4+ Kc7 45. Qxa7+ Kd6 46. Qd4+ Ke7 47.
Qe5+ Kf8 48. Qd6+ Ke8 49. Be4 a4 50. bxa4 Rc4 51. Bg6+ Kd8 52. Bf5 Rc7 53. Qf8+
Be8 54. Qf6+ Re7 55. a5 Bb5 56. Qd6+ Bd7 57. a6 1-0

[Event "FIDE World Rapid 2014"]
[Site "Dubai UAE"]
[Date "2014.06.16"]
[Round "5.9"]
[White "Riazantsev, Alexander"]
[Black "Tomashevsky, Evgeny"]
[Result "1/2-1/2"]
[WhiteTitle "GM"]
[BlackTitle "GM"]
[WhiteElo "2692"]
[BlackElo "2695"]
[WhiteFideId "4125029"]
[BlackFideId "4147235"]
[EventDate "2014.06.16"]

1. d4 d5 2. c4 c6 3. Nf3 Nf6 4. Nc3 a6 5. e3 e6 6. b3 Bb4 7. Bd2 O-O 8. Bd3 Nbd7
9. O-O Bd6 10. Qc2 h6 11. Rae1 e5 12. c5 Bc7 13. Nxe5 Bxe5 14. dxe5 Nxe5 15. Bc1
Qe7 16. Na4 Bg4 17. f3 Nxd3 18. Qxd3 Bh5 19. Bb2 Bg6 20. Qd4 Rfe8 21. Rf2 Rad8
22. Nb6 Qf8 23. b4 Nd7 24. Nxd7 Rxd7 25. Qd2 Rde7 26. Bd4 Re6 27. a4 f6 28. Qc3
R8e7 29. Rb2 Be8 30. Qd3 Qf7 31. h3 h5 32. g4 Qg6 33. Qxg6 Bxg6 34. Kf2 hxg4 35.
hxg4 f5 36. Rg1 Rf7 37. gxf5 Bxf5 38. Ke1 Rg6 39. Rbg2 Rxg2 40. Rxg2 Kh7 41. Kd2
Bd7 42. Ke2 Kg8 43. Rg5 Kf8 44. Kf2 Kg8 45. Kg3 Bf5 46. a5 Bd7 47. Be5 Bf5 48.
Bd4 Bd7 49. Be5 Bf5 1/2-1/2

[Event "FIDE World Rapid 2014"]
[Site "Dubai UAE"]
[Date "2014.06.16"]
[Round "5.10"]
[White "Fressinet, Laurent"]
[Black "Dubov, Daniil"]
[Result "1-0"]
[WhiteTitle "GM"]
[BlackTitle "GM"]
[WhiteElo "2717"]
[BlackElo "2614"]
[WhiteFideId "608742"]
[BlackFideId "24126055"]
[EventDate "2014.06.16"]

1. Nf3 Nf6 2. g3 g6 3. Bg2 Bg7 4. c4 c6 5. O-O O-O 6. b3 d5 7. Bb2 e6 8. d3 b6
9. Nbd2 Bb7 10. e4 c5 11. exd5 exd5 12. d4 Nbd7 13. Rc1 Rc8 14. Re1 cxd4 15.
Bxd4 Nc5 16. Ne5 Re8 17. Ndf3 dxc4 18. Rxc4 Bd5 19. Rc2 Rc7 20. Bxc5 bxc5 21.
Rd2 Qa8 22. Nc4 Be4 23. Nd6 Rf8 24. Nxe4 Nxe4 25. Ng5 Nc3 26. Bxa8 Nxd1 27. Bd5
Nc3 28. Bc4 Bf6 29. h4 a5 30. Rc2 h6 31. Nf3 Rb8 32. a4 Kg7 33. Ne5 Nd1 34. Rd2
Nc3 35. f4 Rd8 36. Rxd8 Bxd8 37. Re3 Na2 38. Rd3 Bf6 39. Rd6 Nb4 40. Kf2 Re7 41.
Nf3 Rc7 42. g4 Nc6 43. g5 hxg5 44. hxg5 Be7 45. Rd5 Nb4 46. Rd2 Nc6 47. Kg3 f6
48. gxf6+ Bxf6 49. Rd6 Nd4 50. Ra6 Nxf3 51. Kxf3 Bc3 52. Bd3 Rb7 53. Rxg6+ Kf7
54. Rc6 Ke7 55. Bc4 Bb4 56. f5 Bc3 57. f6+ Kd7 58. Re6 Rb8 59. f7 Bg7 60. Re8
Rd8 61. Kg4 Bf8 62. Kf5 Be7 63. Kg6 Bd6 64. Bb5+ Kc7 65. Kh7 1-0

[Event "FIDE World Rapid 2014"]
[Site "Dubai UAE"]
[Date "2014.06.16"]
[Round "5.11"]
[White "Grischuk, Alexander"]
[Black "Hansen, Eric"]
[Result "1-0"]
[WhiteTitle "GM"]
[BlackTitle "GM"]
[WhiteElo "2792"]
[BlackElo "2584"]
[WhiteFideId "4126025"]
[BlackFideId "2606771"]
[EventDate "2014.06.16"]

1. e4 e6 2. d4 d5 3. e5 c5 4. c3 Nc6 5. Nf3 Nge7 6. Na3 cxd4 7. cxd4 Nf5 8. Nc2
Qb6 9. Bd3 Bd7 10. O-O Be7 11. g4 Nh6 12. h3 Rc8 13. Rb1 Ng8 14. b4 h5 15. g5 g6
16. Bd2 a6 17. a4 Bd8 18. b5 axb5 19. axb5 Na5 20. Ne3 Ne7 21. Bb4 Nf5 22. Nxf5
gxf5 23. Bc5 Rxc5 24. dxc5 Qxc5 25. Qa4 Qc3 26. Be2 Qc5 27. Rfc1 Qb6 28. h4 O-O
29. Qb4 Re8 30. Ra1 Nc4 31. Bxc4 dxc4 32. Rxc4 Be7 33. Qa5 Qxb5 34. Qxb5 Bxb5
35. Rc7 Bc6 36. Nd4 Bd5 37. Rac1 b6 38. Rc8 Rxc8 39. Rxc8+ Kg7 40. Ne2 Bc5 41.
Nf4 Bf3 42. g6 1-0

[Event "FIDE World Rapid 2014"]
[Site "Dubai UAE"]
[Date "2014.06.16"]
[Round "5.14"]
[White "Svidler, Peter"]
[Black "Meier, Georg"]
[Result "1-0"]
[WhiteTitle "GM"]
[BlackTitle "GM"]
[WhiteElo "2753"]
[BlackElo "2632"]
[WhiteFideId "4102142"]
[BlackFideId "4675789"]
[EventDate "2014.06.16"]

1. Nf3 d5 2. g3 c6 3. Bg2 Bg4 4. c4 e6 5. cxd5 Bxf3 6. Bxf3 cxd5 7. Nc3 Nc6 8.
O-O Nf6 9. d4 Be7 10. e3 O-O 11. Bd2 Nd7 12. Qe2 Nb6 13. Rfd1 Qd7 14. Be1 Rfd8
15. Rac1 Rac8 16. Bg2 h6 17. h4 a6 18. h5 Bf6 19. Nb1 Nc4 20. Bf1 Rc7 21. b3 Nd6
22. Nd2 Rdc8 23. Rb1 Nb5 24. Nf3 Na3 25. Rb2 a5 26. e4 Nb4 27. e5 Be7 28. Qe3
Rc2 29. Rxc2 Rxc2 30. Bxb4 axb4 31. Rd2 Rc1 32. Kg2 Nb5 33. Bd3 Nc3 34. Rc2 Rxc2
35. Bxc2 Qb5 36. a4 Qe2 37. Qxe2 Nxe2 38. Kf1 Nc3 39. Bd3 Kf8 40. Ke1 Kg8 41.
Kd2 Kf8 42. Ne1 Bd8 43. f4 Be7 44. Nf3 Bd8 45. g4 Bb6 46. g5 Ne4+ 47. Bxe4 dxe4
48. gxh6 gxh6 49. Nh2 f5 50. exf6 Bxd4 51. Ng4 Kf7 52. Ke2 Ba7 53. Nxh6+ Kxf6
54. Ng4+ Kf5 55. Ne5 Bd4 56. h6 Kf6 57. Nc4 Kg6 58. Nd6 b6 59. Nxe4 Kxh6 60. Ng5
e5 61. Nf3 Bc5 62. Nxe5 1-0

[Event "FIDE World Rapid 2014"]
[Site "Dubai UAE"]
[Date "2014.06.16"]
[Round "5.15"]
[White "Guseinov, Gadir"]
[Black "Aronian, Levon"]
[Result "0-1"]
[WhiteTitle "GM"]
[BlackTitle "GM"]
[WhiteElo "2613"]
[BlackElo "2815"]
[WhiteFideId "13401378"]
[BlackFideId "13300474"]
[EventDate "2014.06.16"]

1. e4 g6 2. d4 Bg7 3. Nc3 c6 4. Nf3 d6 5. a4 Nf6 6. Be2 O-O 7. O-O Qc7 8. Be3
Ng4 9. Bg5 Re8 10. h3 Nf6 11. Qd2 Nbd7 12. Bh6 e5 13. Bxg7 Kxg7 14. Rad1 Nf8 15.
Rfe1 Be6 16. dxe5 dxe5 17. Qd6 Qxd6 18. Rxd6 Bd7 19. Red1 Re7 20. Bc4 Ne8 21.
R6d2 f6 22. Ne1 Nc7 23. Nd3 Be6 24. Bxe6 Nfxe6 25. f3 Nd4 26. Ne2 Nxe2+ 27. Rxe2
Rd8 28. Red2 Red7 29. Kf2 Ne6 30. Ke3 g5 31. c3 c5 32. b3 Kf8 33. g3 h5 34. Ne1
Rxd2 35. Rxd2 Rxd2 36. Kxd2 c4 37. b4 Kf7 38. Ng2 Kg6 39. Ke2 b6 40. Kf2 b5 41.
axb5 Nc7 42. b6 axb6 43. Ne3 b5 44. Nf5 Kf7 45. Ke3 Ne8 46. Kf2 Ke6 47. Ke3 Kd7
48. Kd2 Ke6 49. Ke3 Kf7 50. Kf2 Nc7 51. Ke3 Kg6 52. Ne7+ Kf7 53. Nf5 Ne8 54. Kf2
Kg6 55. Ne7+ Kg7 56. Nf5+ Kf7 57. Ke3 Nc7 58. Ke2 Kf8 59. Ke3 Ne6 60. Kf2 Nc7
61. Ke3 0-1

[Event "FIDE World Rapid 2014"]
[Site "Dubai UAE"]
[Date "2014.06.16"]
[Round "5.16"]
[White "Malakhov, Vladimir"]
[Black "Nguyen, Ngoc Truong Son"]
[Result "1/2-1/2"]
[WhiteTitle "GM"]
[BlackTitle "GM"]
[WhiteElo "2694"]
[BlackElo "2621"]
[WhiteFideId "4120787"]
[BlackFideId "12401110"]
[EventDate "2014.06.16"]

1. e4 e6 2. d4 d5 3. Nd2 c5 4. Ngf3 cxd4 5. Nxd4 Nc6 6. Bb5 Bd7 7. Nxc6 Bxc6 8.
Bxc6+ bxc6 9. c4 Bc5 10. Qa4 Ne7 11. exd5 exd5 12. O-O O-O 13. Nb3 Bd6 14. cxd5
cxd5 15. Bf4 Ng6 16. Bg3 Bxg3 17. hxg3 Qg5 18. Rad1 h5 19. Nd4 Qg4 20. Qa3 Rab8
21. Nf3 Qb4 22. Rxd5 Qxb2 23. Qxa7 Ra8 24. Qd7 Rxa2 25. Rxh5 Ra1 26. Rxa1 Qxa1+
27. Kh2 Qf6 28. Qh3 Re8 29. Rf5 Qd6 30. Ng5 Re7 31. Rf3 Qc6 32. Qh7+ Kf8 33. Qh5
Kg8 34. Rd3 Qb6 35. Rc3 Re8 36. Qh7+ Kf8 37. Rf3 Re7 38. Qh3 Qc6 39. Qf5 Ne5 40.
Re3 g6 41. Qf4 f6 42. Nh3 Kg7 43. f3 Qe6 44. Re4 Qd6 45. Nf2 Re8 46. Nh3 Re7 47.
Rd4 Qc5 48. Rd8 Qc2 49. Rd6 Nd7 50. Qd4 Ne5 51. Qf4 Nd7 52. g4 g5 53. Nxg5 fxg5
54. Qxg5+ Kf8 55. Qh6+ Ke8 56. Qh8+ Nf8 57. Qd4 Qc7 58. f4 Ne6 59. Qh8+ Nf8 60.
Qd4 Ne6 61. Qe5 Ng7 62. Qb5+ Kf8 63. Rf6+ Rf7 64. Rxf7+ Qxf7 65. g3 Ne8 66. g5
Qh5+ 67. Kg1 Qf3 68. Qf5+ Ke7 69. Qe5+ Kf8 70. Kh2 Ng7 71. Qc5+ Kf7 72. Qc4+ Kf8
73. Qc8+ Kf7 74. Qd7+ Kf8 75. Qd8+ Kf7 76. Qf6+ Kg8 77. g6 Qe2+ 78. Kh3 Qh5+ 79.
Kg2 Qe2+ 1/2-1/2

[Event "FIDE World Rapid 2014"]
[Site "Dubai UAE"]
[Date "2014.06.16"]
[Round "5.17"]
[White "Safarli, Eltaj"]
[Black "Radjabov, Teimour"]
[Result "0-1"]
[WhiteTitle "GM"]
[BlackTitle "GM"]
[WhiteElo "2649"]
[BlackElo "2724"]
[WhiteFideId "13402129"]
[BlackFideId "13400924"]
[EventDate "2014.06.16"]

1. e4 c5 2. Nf3 Nc6 3. Bb5 e6 4. O-O Nge7 5. Nc3 a6 6. Bxc6 bxc6 7. d3 Ng6 8.
Ng5 f6 9. Nh3 Be7 10. f4 O-O 11. Qh5 d5 12. f5 exf5 13. exf5 Ne5 14. Nf4 Bd6 15.
Bd2 Qe8 16. Qh3 Ra7 17. Kh1 Re7 18. Nce2 Ng6 19. Ng3 Nxf4 20. Bxf4 Bxf4 21. Rxf4
Re1+ 22. Rxe1 Qxe1+ 23. Rf1 Qd2 24. Nh5 g6 25. Qg3 Qe2 0-1

[Event "FIDE World Rapid 2014"]
[Site "Dubai UAE"]
[Date "2014.06.17"]
[Round "6.3"]
[White "Movsesian, Sergei"]
[Black "Vachier-Lagrave, Maxime"]
[Result "1-0"]
[WhiteTitle "GM"]
[BlackTitle "GM"]
[WhiteElo "2672"]
[BlackElo "2762"]
[WhiteFideId "310204"]
[BlackFideId "623539"]
[EventDate "2014.06.16"]

1. e4 c5 2. Nf3 d6 3. d4 cxd4 4. Nxd4 Nf6 5. Nc3 a6 6. a3 e6 7. f4 Be7 8. Bd3 b5
9. O-O Bb7 10. Kh1 Nbd7 11. Qf3 Qc7 12. Qg3 g6 13. Bd2 e5 14. Nde2 Nc5 15. fxe5
dxe5 16. Bh6 O-O-O 17. Bg7 Qd6 18. Qf3 Ncd7 19. Bxh8 Rxh8 20. b4 Kb8 21. a4 bxa4
22. Nxa4 Rc8 23. c4 Qxb4 24. Rfb1 Qd2 25. c5 Rc6 26. Rb2 Qa5 27. Rab1 Qxa4 28.
Rxb7+ Kc8 29. Nc3 Qd4 30. Nd5 Qxc5 31. Qh3 Kd8 32. Nxf6 Nxf6 33. Bxa6 Bd6 34.
Rf1 Rxa6 35. Qb3 Nxe4 36. Qxf7 Be7 37. Qg8+ 1-0

[Event "FIDE World Rapid 2014"]
[Site "Dubai UAE"]
[Date "2014.06.17"]
[Round "6.4"]
[White "Fressinet, Laurent"]
[Black "Le, Quang Liem"]
[Result "1/2-1/2"]
[WhiteTitle "GM"]
[BlackTitle "GM"]
[WhiteElo "2717"]
[BlackElo "2712"]
[WhiteFideId "608742"]
[BlackFideId "12401137"]
[EventDate "2014.06.16"]

1. Nf3 d5 2. g3 g6 3. Bg2 Bg7 4. O-O e5 5. d3 Ne7 6. c4 d4 7. b4 O-O 8. a4 a5 9.
b5 c5 10. Nbd2 Ra7 11. Ra3 b6 12. e3 h6 13. exd4 exd4 14. Re1 Nf5 15. Ra2 Nd6
16. Ne4 Nxe4 17. Rxe4 Bf5 18. Re1 Re8 19. Rxe8+ Qxe8 20. Re2 Re7 21. Rxe7 Qxe7
22. Nh4 Bc8 23. Bf4 Nd7 24. Bc7 Be5 25. Qe2 Kf8 26. Bxe5 Nxe5 27. Qe4 Ng4 28.
Qxe7+ Kxe7 29. Nf3 Kd6 30. Kf1 g5 31. Ke2 Bb7 32. h4 f5 33. hxg5 hxg5 34. Ne1
Bc8 35. Nf3 Bb7 36. Ne1 Bxg2 37. Nxg2 Nf6 38. f4 g4 39. Ne1 Ke6 40. Ng2 Nh5 41.
Kf2 Nf6 42. Ke2 Nh5 43. Kf2 Nf6 1/2-1/2

[Event "FIDE World Rapid 2014"]
[Site "Dubai UAE"]
[Date "2014.06.17"]
[Round "6.5"]
[White "Bacrot, Etienne"]
[Black "Grischuk, Alexander"]
[Result "0-1"]
[WhiteTitle "GM"]
[BlackTitle "GM"]
[WhiteElo "2720"]
[BlackElo "2792"]
[WhiteFideId "605506"]
[BlackFideId "4126025"]
[EventDate "2014.06.16"]

1. d4 Nf6 2. c4 e6 3. Nf3 d5 4. Nc3 Bb4 5. Bg5 Nbd7 6. cxd5 exd5 7. Qc2 h6 8.
Bh4 g5 9. Bg3 Ne4 10. Nd2 Nxg3 11. hxg3 c6 12. a3 Bxc3 13. bxc3 Qe7 14. e3 Nf6
15. c4 Be6 16. Bd3 h5 17. Nb3 Kf8 18. Nc5 Kg7 19. Nxe6+ Qxe6 20. Bf5 Qe7 21.
cxd5 cxd5 22. Qb3 Qc7 23. Ke2 Rae8 24. Rac1 Qb8 25. Rc2 h4 26. g4 Re7 27. Qb4
Rhe8 28. a4 Ne4 29. Rh3 Rc7 30. Qb3 Rxc2+ 31. Qxc2 Qd6 32. Bxe4 dxe4 33. Qb3 Qd7
34. f3 a6 35. Rh1 exf3+ 36. gxf3 Qxd4 37. Rd1 Qe5 38. Rd5 Qe7 39. Qc3+ Kh6 40.
Qd4 h3 41. f4 h2 42. fxg5+ Kh7 43. Rd6 h1=Q 0-1

[Event "FIDE World Rapid 2014"]
[Site "Dubai UAE"]
[Date "2014.06.17"]
[Round "6.6"]
[White "Van Wely, Loek"]
[Black "Svidler, Peter"]
[Result "1-0"]
[WhiteTitle "GM"]
[BlackTitle "GM"]
[WhiteElo "2654"]
[BlackElo "2753"]
[WhiteFideId "1000268"]
[BlackFideId "4102142"]
[EventDate "2014.06.16"]

1. d4 d6 2. Nf3 g6 3. g3 Bg7 4. Bg2 Nf6 5. O-O O-O 6. c4 Nc6 7. Nc3 Rb8 8. Re1
a6 9. Rb1 Re8 10. h3 Bd7 11. e4 e5 12. Be3 exd4 13. Nxd4 Qc8 14. Kh2 Ne5 15. b3
b5 16. cxb5 axb5 17. Nd5 c5 18. Nxf6+ Bxf6 19. Ne2 Qc7 20. Qd2 c4 21. Bd4 Bc6
22. Rbd1 Bg7 23. Nf4 Ra8 24. Bc3 Red8 25. Re2 Ra6 26. Nd5 Bxd5 27. Qxd5 Rb8 28.
bxc4 bxc4 29. f4 Nd3 30. Bxg7 Kxg7 31. Rc2 Qc5 32. Rxd3 cxd3 33. Rxc5 dxc5 34.
Qe5+ 1-0

[Event "FIDE World Rapid 2014"]
[Site "Dubai UAE"]
[Date "2014.06.17"]
[Round "6.8"]
[White "Radjabov, Teimour"]
[Black "Laznicka, Viktor"]
[Result "1-0"]
[WhiteTitle "GM"]
[BlackTitle "GM"]
[WhiteElo "2724"]
[BlackElo "2679"]
[WhiteFideId "13400924"]
[BlackFideId "316385"]
[EventDate "2014.06.16"]

1. d4 d5 2. c4 c6 3. Nc3 Nf6 4. e3 a6 5. Nf3 b5 6. b3 Bg4 7. Be2 Nbd7 8. h3 Bh5
9. O-O e6 10. Bb2 Bd6 11. c5 Be7 12. Ne5 Bxe2 13. Nxe2 Qc7 14. a4 O-O 15. Nd3 a5
16. b4 Rfb8 17. axb5 Rxb5 18. Bc3 Qb7 19. Rxa5 Rbxa5 20. bxa5 Ne4 21. Bb4 Bd8
22. f3 Qb5 23. Qc2 Bg5 24. Nef4 Bxf4 25. exf4 Ng3 26. Rb1 Qc4 27. Qxc4 dxc4 28.
Kf2 cxd3 29. Kxg3 Rb8 30. Kf2 Nf6 31. a6 Nd5 1-0